| 000 | 00602nam a22001937a 4500 | ||
|---|---|---|---|
| 005 | 20250613105622.0 | ||
| 010 | _aENG-145347 | ||
| 020 |
_a9789359807799 _c500.00 |
||
| 035 | _aEN-128879 | ||
| 037 | _bDBAD | ||
| 082 | _a362.1969792 | ||
| 100 |
_aYugandhar, Talari _981972 |
||
| 245 |
_aProblems of People Living with HIV/AIDS/ _bTalari Yugandhar |
||
| 250 | _a1 | ||
| 260 |
_bSelf Published _c2023 _aJharkhand |
||
| 270 |
_aVillage & Post - Dhouni, PS- Saraiyahat, District- Dumka, _bJharkhand _e814151 |
||
| 300 |
_a252,xxiiip. _c19cm(pb) |
||
| 942 |
_2ddc _cEN _h362.1969792 _mYUG |
||
| 999 |
_c211783 _d211783 |
||